| 000 | 01042cam a22002054a 4500 | ||
|---|---|---|---|
| 005 | 20250605164404.0 | ||
| 008 | 250528s ||||||||||||||||||||||||d | ||
| 035 | _a24720 | ||
| 020 | _a9789609339360 | ||
| 040 |
_aGR-AtMCL _bgre _dGR-AtMCL _eAACR2 |
||
| 245 | 1 | _aΣπάζοντας τα δεσμά της γυναικείας κατάθλιψης | |
| 260 | _c2012 | ||
| 300 | _a168 | ||
| 520 | _aΤι είναι κατάθλιψη; Γυναικεία κατάθλιψη: αιτίες και τρόποι αντιμετώπισης, Κατάθλιψη, βουλιμία και ανορεξία: συμβουλές αντιμετώπισης, Κατάθλιψη, προσοχή, συγκέντρωση, μνήμη και λήψη αποφάσεων, Κατάθλιψη και ανθρώπινες σχέσεις, Κατάθλιψη και σεξουαλική ζωή. | ||
| 700 | 1 |
_aΑλεξάνδρα Δ. Πενταράκη _99518 |
|
| 942 | _cBK | ||
| 710 | 2 |
_aBrain Matters Institute _99839 |
|
| 999 |
_c9582 _d9582 |
||